000 01037nam a22003017a 4500
001 BR7600895
003 BR-BrBNA
005 20230928084917.0
007 ta
008 230509b bl.||||| |||| 00| 0 por d
040 _aBR-BrBNA
_bpor
_cBiblioteca Nacional de Agricultura
041 _a(Por)
072 _aE10
_b/G514
090 _ E10 BR7600895
100 1 _aBarbosa, A.R.
110 1 _aUniversidade Federal do Ceara, Fortaleza (Brasil). Centro de Ciencias Agrarias. Depto. de Economia Agricola
_0Tese (Mestrado)
245 1 _aEficiencia no uso de fatores de producao e tecnologia nova em diferentes tamanhos de empresas agropecuarias - Regiao do Serido, Estado do Rio Grande do Norte [Brasil]
260 3 _aFortaleza, CE (Brasil):
_c1975.
300 _a64 p.
500 _a18 tables; Summary (Por); 37 ref.
650 _aFator de producao
650 _aTecnologia agricola
650 _aEmpresa agricola
650 _aSerido
650 _aRio Grande do Norte
909 _a202309
_bLucia
_c55
_dLucia Elande
942 _cBK
999 _c21818
_d21818